000 00761nam a2200205Ii 4500
003 JO-AjNU
008 230605s9999||||xx |||||||||||||| ||und||
040 _aJO-AjNU
_bara
_erda
_cJO-AjNU
041 _aara
050 1 4 _aBP165.J35 1982
100 3 _aاعداد: جمعية الدراسات والبحوث الإسلامية,
_eauthor
_919910
245 0 0 _aبحوث ودراسات مع إطلالة القرن الخامس عشر الهجري
250 _aط1
264 3 1 _aعمان: جمعية الدراسات والبحوث الاسلامية، 1982
300 _a260ص
336 _atext
_btxt
_2rdacontent
337 _aunmediated
_bn
_2rdamedia
338 _avolume
_bnc
_2rdacarrier
650 4 _aالاسلام- مقالات ومحاضرات
_919911
999 _aA6655
_c10223
_d10223